Loreto College Library, Kolkata
WEBOPAC (ONLINE PUBLIC ACCESS CATALOGUE)

Geology of India and Burma (Record no. 34692)

MARC details
000 -LEADER
fixed length control field 00554nam a2200193Ia 4500
008 - FIXED-LENGTH DATA ELEMENTS--GENERAL INFORMATION
fixed length control field 131103s9999 xx 000 0 und d
040 ## - CATALOGING SOURCE
Original cataloging agency Loreto College
041 ## - LANGUAGE CODE
Language code English
082 ## - DDC | ডিউই
Classification number | বর্গসংখ্যা 551.4/KRI
Book Number | গ্রন্থাঙ্ক LCBkB/50
100 ## - MAIN ENTRY--PERSONAL NAME | মুখ্য সংলেখ - ব্যাক্তিনাম
Personal name | ব্যাক্তিনাম Krishnan, M .S
245 ## - TITLE STATEMENT | অাখ্যা বিবরণী
Title | অাখ্যা Geology of India and Burma
Statement of responsibility | লেখকের দায়িত্বের বিবরণ by M.S Krishnan
260 ## - IMPRINT | প্রকাশনা ক্ষেত্র
Place of publication | প্রকাশ স্থান Madras
Name of publisher | প্রকাশকের নাম Higginbothams
Date of publication | প্রকাশ কাল 1968
300 ## - PHYSICAL DESCRIPTION |
Page / Vol. No | পৃষ্ঠা / খন্ড সংখ্যা 536p.
Other physical details | অনান্য বাহ্যিক বিবরণ ill.figures ,tables
504 ## - BIBLIOGRAPHY, ETC. NOTE
Bibliography, etc Includes bibliography and index
650 ## - SUBJECT ADDED ENTRY--TOPICAL TERM | বিষয় শিরোনাম - মূল বিষয়
Topical term | মূল বিষয় Geology
651 ## - SUBJECT ADDED ENTRY--GEOGRAPHIC NAME | বিষয় শিরোনাম - ভৌগলিক নাম
Geographic name | ভৌগলিক বিষয় Geology,Hydrology,Meteorology
850 ## - HOLDING INSTITUTION
Holding institution LCBkB/551.4/KRI
942 ## - ADDED ENTRY ELEMENTS (KOHA)
Koha item type Books
Holdings
Withdrawn status Lost status Damaged status Not for loan Home library Current library Date acquired Total Checkouts Full call number Accession No. Date last seen Price effective from Koha item type
        Loreto College Loreto College 04/11/2013   551.4/KRI LCBkB/50 B37551 04/11/2013 04/11/2013 Books